Statistics for Stephen Curry Trivia

Click here to take the quiz!

General Stats

  • This quiz has been taken 9,021 times
    (7,482 since last reset)
  • The average score is 10 of 12

Answer Stats

HintAnswer% Correct
Jersey Number30
95%
NBA team that he plays forGolden State Warriors
95%
What year was he drafted2009
94%
PositionPoint Guard
92%
What pick was he in the draft7
91%
Curry and teammate Klay Thompson's nicknameSplash Brothers
90%
What's his first nameWardell
89%
Year of Birth1988
88%
College that he played forDavidson
86%
State he is fromOhio
85%
City he is fromAkron
79%
In the 2015-16 season, Curry set an NBA record when he scored how many 3 pointers402
56%

Score Distribution

Percentile by Number Answered

Percent of People with Each Score

Your Score History

You have not taken this quiz since the last reset